000 05394nam a22005297a 4500
005 20110630114050.0
010 _aENG-102760 B-461575-598
020 _c395.00
_a9788190901321
035 _aEN-86293 B-461575-598
037 _bDBAD / PUB
037 _bVirtuous Pub/Ven
082 _a330.954
100 _aNarlikar, Jayant V.
_948793
245 _aShake-up India /
_cby Jayant V. Narlikar; foreworded by Yash Pal
260 _aNew Delhi
_bGlobal Vision Press
_c2010
270 _a4855/24, Ansari Road, Daryaganj
_bNew Delhi
_e110002
300 _axii,173p.
_c22cm (Hb)
700 _928520
710 _928535
942 _2ddc
_cEN
_mNAR
_h330.954
999 _c53506
_d53506